Papers, Please Countries, Issuing Cities, and Districts - Statistics

General Stats
  • This quiz has been taken 44 times
  • The average score is 18 of 36
Answer Stats
Hint Answer % Correct
Country Impor
96%
Country Obristan
96%
Country Kolechia
93%
Country Arstotzka
89%
Country Republia
89%
Country United Federation
89%
Country Antegria
86%
Issuing City East Grestin
79%
Issuing City West Grestin
79%
Issuing City Glorian
64%
District Altan
61%
Issuing City Orvech Vonor
61%
Issuing City True Glorian
61%
Issuing City Korista City
50%
Issuing City Paradizna
50%
Issuing City Great Rapid
43%
Issuing City Mergerous
43%
Issuing City Outer Grouse
39%
Issuing City Tsunkeido
39%
District Burnton
36%
Issuing City Enkyo
36%
Issuing City Haihan
36%
Issuing City Skal
36%
Issuing City Vedor
36%
Issuing City Yurko City
36%
Issuing City Lorndaz
32%
Issuing City Shingleton
32%
Issuing City St. Marmero
32%
District Vescillo
32%
Issuing City Lesrenadi
29%
District Wozenfield
29%
Issuing City Bostan
25%
District Gennistora
25%
District Lendiforma
25%
District Fardesto
21%
District Octovalis
18%
No matching quizzes found
Score Distribution
Percent of People with Each Score
Percentile by Number Answered
Your Score History
You have not taken this quiz